000 00633nam 22002053 4500
001 199878
010 _a972-780-093-9
021 _aPT
_b182077/02
090 _a199878
100 _a20260113d u||y0pory50 ba
200 _aRe-herdar a terra
_edespertar para soluções sustentáveis e verdades maiores
_fBrian O'Leary
_gtradução Nuno Fernandes
205 _a
210 _aLisboa
_cÂncora editora
_d2002
215 _a276, [3] p.
_cbrochado
_d53 cm
606 _98728
_aCiências Puras- Física
675 _a53
_vPT
_zpor
700 _915703
_aO´Leary
_bBrian
_f1940-2011
801 _aPT
_bBMMN
_gRPC
830 _cAna
_fAna
990 _cLIVROS